000 00431pab a2200169 454500
008 180718b1999 xxu||||| |||| 00| 0 eng d
100 _aChatterjee, T.K.
245 _aCrisis in higher education: nature and sources
260 _c1999
300 _ap.6-8
362 _a25 Jan
650 _aEducation - India
650 _aHigher education - India
650 _aHigher education
773 _aUniversity News
909 _a40005
999 _c40005
_d40005